|
|
|
|
| LEADER |
00823nam a22001817a 4500 |
| 008 |
180323b xxu||||| |||| 00| 0 eng d |
| 999 |
|
|
|c 188158
|d 188158
|
| 020 |
|
|
|a 9789352745914
|
| 084 |
|
|
|2 cc
|a P-:3
|
| 100 |
|
|
|a Antony Matthew
|
| 245 |
|
|
|a English grammar in its true light:
|b Learner's version exercises with key/
|
| 260 |
|
|
|a Kottayam
|b Author
|c 2015
|
| 300 |
|
|
|b 383p.
|
| 942 |
|
|
|c GEN
|
| 952 |
|
|
|0 0
|1 0
|4 0
|6 P_3_Q5
|7 0
|8 R
|9 328455
|a LIB
|b LIB
|d 2018-03-23
|o P-:3 Q5
|p G40591
|r 2018-03-23
|y REF
|
| 952 |
|
|
|0 0
|1 0
|4 0
|6 P_3_Q51
|7 0
|8 R
|9 328456
|a LIB
|b LIB
|d 2018-03-23
|o P-:3 Q5-1
|p G40592
|r 2018-03-23
|y REF
|
| 952 |
|
|
|0 0
|1 0
|4 0
|6 P_3_Q51
|7 0
|9 328457
|a LIB
|b LIB
|d 2018-03-23
|l 6
|o P-:3 Q5;1
|p G40593
|r 2020-02-29
|s 2020-01-20
|y GEN
|
| 952 |
|
|
|0 0
|1 0
|4 0
|6 P_3_Q511
|7 0
|9 328458
|a LIB
|b LIB
|d 2018-03-23
|l 5
|o P-:3 Q5-1;1
|p G40594
|q 2020-12-14
|r 2020-11-12
|s 2020-11-12
|y GEN
|